LIBRARY & INFORMATION CENTRE, KCAET, TAVANUR

ONLINE PUBLIC ACCESS CATALOGUE (OPAC)

Global groundwater resources and management : (Record no. 13962)

MARC details
000 -LEADER
fixed length control field 00525cam a2200181 a 4500
020 ## - INTERNATIONAL STANDARD BOOK NUMBER
ISBN 9788172336196
020 ## - INTERNATIONAL STANDARD BOOK NUMBER
ISBN 8172336195
082 04 - DEWEY DECIMAL CLASSIFICATION NUMBER
Classification number 553.79
Item number PAL/GL
245 10 - TITLE STATEMENT
Title Global groundwater resources and management :
260 ## - PUBLICATION, DISTRIBUTION, ETC. (IMPRINT)
Place of publication Jodhpur, India :
Name of publisher Scientific Publishers (India),
Year of publication c2010.
300 ## - PHYSICAL DESCRIPTION
Number of Pages xxi, 528 p. :
Other physical details ill. (some col.), maps (some col.) ;
650 #0 - SUBJECT ADDED ENTRY--TOPICAL TERM
Topical Term Groundwater
650 #0 - SUBJECT ADDED ENTRY--TOPICAL TERM
Topical Term Groundwater
650 #0 - SUBJECT ADDED ENTRY--TOPICAL TERM
Topical Term Water resources development
650 #0 - SUBJECT ADDED ENTRY--TOPICAL TERM
Topical Term Hydrogeology
700 1# - ADDED ENTRY--PERSONAL NAME
Personal name Paliwal, B. S.
942 ## - ADDED ENTRY ELEMENTS (KOHA)
Koha item type Books
Holdings
Withdrawn status Lost status Damaged status Collection code Home library Current library Shelving location Date acquired Source of acquisition Cost, normal purchase price Full call number Accession Number Koha item type
      Non-fiction KAUAET KAUAET Reference 30/03/2013 Neoti Book Agency 3700.00 553.79 PAL/GL 23846 Reference
free website counter